000 00698nam a2200229Ia 4500
003 GCL
008 140319s9999 xx 000 0 ara d
020 _a1129102977
040 _aGCL /
_cGCL
082 0 4 _a193
_bا م
100 1 _aامام عبدالفتاح امام
245 1 0 _aالمنهج الجدلى عند هيجل /
_cامام عبدالفتاح امام
250 _aالثانية
260 _aالقاهرة :
_bدار المعارف ،
_c1985
300 _a431 ص ؛
_c24سم
650 0 4 _aالفلسفة
650 0 4 _aالفلسفة العربية
650 0 4 _aهيجل
650 0 4 _aالفلاسفة
650 0 4 _aالفلاسفة الالمان
942 _2ddc
_cBK
999 _c58998
_d58998